Abnormal psychology : (Record no. 3465)

000 -LEADER
fixed length control field 02241cam a2200373 i 4500
001 - CONTROL NUMBER
control field 17908099
003 - CONTROL NUMBER IDENTIFIER
control field OSt
005 - DATE AND TIME OF LATEST TRANSACTION
control field 20180117090006.0
008 - FIXED-LENGTH DATA ELEMENTS--GENERAL INFORMATION
fixed length control field 131017r20152015caua b 001 0 eng
010 ## - LIBRARY OF CONGRESS CONTROL NUMBER
LC control number 2013952163
020 ## - INTERNATIONAL STANDARD BOOK NUMBER
International Standard Book Number 9781285755618 (student edition)
020 ## - INTERNATIONAL STANDARD BOOK NUMBER
International Standard Book Number 1285755618 (student edition)
020 ## - INTERNATIONAL STANDARD BOOK NUMBER
International Standard Book Number 9781285761343 (looseleaf edition)
020 ## - INTERNATIONAL STANDARD BOOK NUMBER
International Standard Book Number 285761340 (looseleaf edition)
040 ## - CATALOGING SOURCE
Original cataloging agency DLC
Language of cataloging eng
Transcribing agency DLC
Description conventions rda
042 ## - AUTHENTICATION CODE
Authentication code pcc
050 00 - LIBRARY OF CONGRESS CALL NUMBER
Classification number RC454
Item number .B345 2015
082 00 - DEWEY DECIMAL CLASSIFICATION NUMBER
Classification number 616.89
Edition number 23
100 1# - MAIN ENTRY--PERSONAL NAME
Personal name Barlow, David H.
245 10 - TITLE STATEMENT
Title Abnormal psychology :
Remainder of title an integrative approach /
Statement of responsibility, etc. David H. Barlow, Boston University, V. Mark Durand, University of South Florida-St. Petersburg.
250 ## - EDITION STATEMENT
Edition statement Seventh edition.
260 ## - PUBLICATION, DISTRIBUTION, ETC.
Place of publication, distribution, etc. Andover
Name of publisher, distributor, etc. Cengage learning
Date of publication, distribution, etc. 2015
300 ## - PHYSICAL DESCRIPTION
Extent 1 volume (various pagings) :
Other physical details color illustrations ;
Dimensions 29 cm
504 ## - BIBLIOGRAPHY, ETC. NOTE
Bibliography, etc. note Includes bibliographical references and index.
505 0# - FORMATTED CONTENTS NOTE
Formatted contents note 1. Abnormal behavior in historical context -- 2. An integrative approach to psychopathology -- 3. Clinical assessment and diagnosis -- 4. Research methods -- 5. Anxiety, trauma- and stressor-related, and obsessive-compulsive and related disorders -- 6. Somatic symptom and related disorders and dissociative disorders -- 7. Mood disorders and suicide -- 8. Eating and sleep-wake disorders -- 9. Physical disorders and health psychology -- 10. Sexual dysfunctions, paraphilic disorders, and gender dysphoria -- 11. Substance-related, addictive, and impulsive-control disorders -- 12. Personality disorders -- 13. Schizophrenia spectrum and other psychotic disorders -- 14. Neurodevelopmental disorders -- 15. Neurocognitive disorders -- 16. Mental health services: legal and ethical issues.
650 #0 - SUBJECT ADDED ENTRY--TOPICAL TERM
Topical term or geographic name entry element Psychology, Pathological
Form subdivision Textbooks.
650 #0 - SUBJECT ADDED ENTRY--TOPICAL TERM
Topical term or geographic name entry element Mental illness
Form subdivision Textbooks.
700 1# - ADDED ENTRY--PERSONAL NAME
Personal name Durand, Vincent Mark.
906 ## - LOCAL DATA ELEMENT F, LDF (RLIN)
a 7
b cbc
c origcop
d 2
e ncip
f 20
g y-gencatlg
942 ## - ADDED ENTRY ELEMENTS (KOHA)
Source of classification or shelving scheme
Koha item type Book
Holdings
Withdrawn status Lost status Source of classification or shelving scheme Damaged status Not for loan Collection code Permanent Location Current Location Shelving location Date acquired Total Checkouts Total Renewals Full call number Barcode Date last seen Date last checked out Price effective from Koha item type
            Central Library (CL) Central Library (CL) General Stacks 06/27/2016 2 1 616.89 BAR S3H-S-798 10/08/2025 09/29/2025 06/27/2016 Book
© 2023 Central Library, National University of Sciences and Technology. All Rights Reserved.